WWE Names 2 - Statistics

General Stats
  • This quiz has been taken 235 times
    199 since last reset
  • The average score is 7 of 15
Answer Stats
Hint Answer % Correct
Celtic Warrior Sheamus
95%
New Day Powerhouse Big E
88%
The Big Dog Roman Reigns
73%
The Lunatic Dean Ambrose
65%
The Kingslayer Seth Rollins
63%
The Boss Sasha Banks
61%
The Modern day Maharaja Jinder Mahal
59%
The Lass Kicker Becky Lynch
54%
Shattered Dreams Goldust
49%
Day One Ish The Usos
42%
The Perfect 10 Tye Dillinger
40%
2014 Hall of Fame Woman Lita
31%
The Destroyer Samoa Joe
12%
The Swiss Cyborg Cesaro
0%
The Daughter of Ric Flair Charlotte Flair
0%
No matching quizzes found
Score Distribution
Percent of People with Each Score
Percentile by Number Answered
Your Score History
You have not taken this quiz since the last reset